Catálogo
 En Linea

Cuba, arte contemporáneo = (Registro nro. 40070)

Detalles MARC
000 -CABECERA
campo de control de longitud fija 00459nam a2200145 a 4500
001 - NÚMERO DE CONTROL
campo de control 000040580
005 - FECHA Y HORA DE LA ÚLTIMA TRANSACCIÓN
campo de control 20201002034228.0
008 - DATOS DE LONGITUD FIJA--INFORMACIÓN GENERAL
campo de control de longitud fija 130902s2011 cu 000 0 spa d
020 ## - NÚMERO INTERNACIONAL ESTÁNDAR DEL LIBRO
Número Internacional Estándar del Libro 9780955045943
040 ## - FUENTE DE LA CATALOGACIÓN
Centro catalogador/agencia de origen DO-SdBNP
Lengua de catalogación spa
Centro/agencia transcriptor BNPHU
245 00 - MENCIÓN DE TÍTULO
Título Cuba, arte contemporáneo =
Resto del título Cuba, contemporary art /
Mención de responsabilidad, etc. textos, Sandra Sosa, Darys Vázquez.
246 13 - FORMA VARIANTE DE TÍTULO
Título propio/Titulo breve Cuba, contemporary art
260 ## - PUBLICACIÓN, DISTRIBUCIÓN, ETC.
Lugar de publicación, distribución, etc. Cuba :
Nombre del editor, distribuidor, etc. CEIBA,
Fecha de publicación, distribución, etc. 2011.
300 ## - DESCRIPCIÓN FÍSICA
Extensión 285 p. :
Otras características físicas il., retrs. ;
Dimensiones 28 cm.
Existencias
Estado de retiro Estado de pérdida Restricciones de uso No para préstamo Código de colección Localización permanente Ubicación/localización actual Ubicación en estantería Fecha de adquisición Número de inventario Total de préstamos Signatura topográfica completa Código de barras Fecha visto por última vez Precio válido a partir de Tipo de ítem Koha
      Excluido de préstamo Monografías: Libros y Folletos General General En catalogación 02.09.2013 LF1   40580-10 25.06.2020 25.06.2020 No se presta

Con tecnología Koha